000
00266nam a2200109Ia 4500
008
220216s9999 xx 000 0 und d
100
_a
Rowzee E R
245
0
_a
World of rubber and its future
260
_b
IRI Transactions
_c
1963
300
_a
T170-T181
942
_c
JS
999
_c
72497
_d
72497